000 01183nam0a2200325 4500
001 RU\NLR\bibl\1816642
005 20260406121620.0
010 _a978-5-699-51270-6
_94100
021 _aRU
_b2011-69425
_94905
035 _a(NLR Aleph) 001807218
090 _a1820202
_c1820202
100 _a20111006d2011 |||y0rusy50 ca
101 0 _arus
102 _aRU
105 _ay |||||||||
200 1 _aЛичное дело врача
_e[роман]
_fЕлена Арсеньева
210 _aМосква
_cЭксмо
_d2011
215 _a349, [1] с.
_d17
225 1 _aВрачебные секреты
300 _aРанее роман "Личное дело врача" выходил под назв. "Сыщица начала века"
451 0 _12001#$aСыщица начала века
_tСыщица начала века
686 _aШ6(2=Р)8-446
700 1 _4070
_8rus
_7ca
_aАрсеньева
_bЕ. А.
_cписатель
_f1952-
_gЕлена Арсеньевна
_3RU\NLR\auth\77572
_9110618
801 0 _aRU
_bNLR
_c20111006
_gRCR
801 1 _aRU
_bNLR
_c20111006
942 _cBOOK
980 _aNB
980 _aNBR